LEADER 00926nam a2200241 i 4500 001 000000039490 003 CaOOAMICUS 005 20091205000000.0 008 091205s1977 it u000 u ita u 013 $a10227 040 $aSeMil$bita 100 1 $aFranzoni, Giovanni <1928-2017>.$0(OLS)http://semarc/name/90446 245 13$aIl posto della fede /$cGiovanni Franzoni. 260 $aRoma :$bCoines,$c1977. 300 $a145 p. ;$c19 cm. 490 0 $aUniversale Coines. Cristianesimo oggi ;$v67 650 4$aFede.$0(OLS)http://semarc/subject/589 830 0$aUniversale Coines. Cristianesimo oggi ;$v67.$0(OLS)http://semarc/title/7613 850 $aSeMil 852 $aSeMil$W1$xVenegono$y1$m3E IV 193$j5645$B5645$CSeMilBibl$Z2$F5645 $81 961 $aOmaggio: Serenthà don Mario 996 $6245$aIl posto della fede$9(OLS)http://semarc/title/56264 996 $6260$aRoma :$bCoines$9(OLS)http://semarc/publisher/31506 LEADER 01670nam a2200301 i 4500 001 000000257229 003 CaOOAMICUS 005 20180215000000.0 008 180215s2017 gw u000 u eng u 013 $a236137 020 $a978-3-11-053785-7 040 $aSeMil$bita 100 1 $aWhite, Devin L. <1986- >.$0(OLS)http://semarc/name/94768 245 10$aTeacher of the nations :$bancient educational traditions and Paul's argument in 1 Corinthians 1-4 /$cDevin L. White. 260 $aBerlin ; Boston :$bDe Gruyter,$c2017. 300 $axiii, 225 p. ;$c24 cm. 490 0 $aBeihefte zur Zeitschrift für die neutestamentliche Wissenschaft und die Kunde der älteren Kirche ;$v227 500 $aTesto rivisto della tesi, Emory University (Ga.), 2016. 650 4$aBibbia . Nuovo Testamento. Lettere ai Corinzi - Commentari, studi, critica, interpretazioni.$0(OLS)http://semarc/subject/2669 650 4$aBibbia - NT - 1 Corinzi 1-4.$0(OLS)http://semarc/subject/11314 650 4$aEducazione - Insegnamento biblico.$0(OLS)http://semarc/subject/47070 830 0$aBeihefte zur Zeitschrift für die neutestamentliche Wissenschaft und die Kunde der älteren Kirche ;$v227.$0(OLS)http://semarc/title/296 850 $aSeMil 852 $aSeMil$W1$xVenegono$y1$m2XA R 227$j207575$B207575$CSeMilBibl$Z2$F221090 $81 961 $aSottoscrizione: De Gruyter 996 $6020$a978-3-11-053785-7$9(OLS)http://semarc/number/281904 996 $6245$aTeacher of the nations :$bancient educational traditions and Paul's argument in 1 Corinthians 1-4$9(OLS)http://semarc/title/412742 996 $6260$aBerlin ; Boston :$bDe Gruyter$9(OLS)http://semarc/publisher/36449